Top 10 Cities In Canada By Population - Statistics

General Stats
  • This quiz has been taken 52 times
    41 since last reset
  • The average score is 7 of 10
Answer Stats
Population Answer % Correct
1,600,000 Montreal
97%
2,600,000 Toronto
95%
812,000 Ottawa
89%
600,000 Vancouver
89%
1,020,000 Calgary
87%
712,000 Edmonton
84%
632,000 Winnipeg
82%
520,000 Hamilton
42%
669,000 Mississauga
26%
395,000 Surrey
21%
No matching quizzes found
Score Distribution
Percent of People with Each Score
Percentile by Number Answered
Your Score History
You have not taken this quiz since the last reset